Cuestiones ecológicas y postulados democráticos /
Los aspectos altamente complejos de la temática ecológico-demográfica exigen una visión ecéptica con respecto a los mejores modelos de modernización. Es indispensable un cuestionamiento de la actual economización de la política. Lo razonable no debería ser exclusivamente el incremento de los índices...
保存先:
| 第一著者: | |
|---|---|
| フォーマット: | テキスト |
| 主題: | |
| タグ: |
タグ追加
タグなし, このレコードへの初めてのタグを付けませんか!
|
MARC
| LEADER | 00000 a a2200000 04500 | ||
|---|---|---|---|
| 001 | 10632 | ||
| 003 | |||
| 040 | |||
| 100 | |a Mansilla, H. C. F. | ||
| 245 | |a Cuestiones ecológicas y postulados democráticos / |c H. C. F. Mansilla | ||
| 520 | |a Los aspectos altamente complejos de la temática ecológico-demográfica exigen una visión ecéptica con respecto a los mejores modelos de modernización. Es indispensable un cuestionamiento de la actual economización de la política. Lo razonable no debería ser exclusivamente el incremento de los índices de producción, productividad y consumo el crecimiento cero no debería ser percibido como algo básicamente negativo. Hay que comprender los límites muy estrechos que nuestro mundo eminentemente finito impone a cualquier evolución donde está implicado un crecimiento continuo e incesante. Es hora de reconocer las falacias implícitas en las doctrinas del crecimiento ilimitado y del desarrollo sostenible, por más que dispongan de legitimidad democrática. REV/LCL | ||
| 650 | |a ECOLOGIA | ||
| 650 | |a DESARROLLO SOSTENIBLE | ||
| 650 | |a DEMOCRACIA | ||
| 650 | |a CRECIMIENTO DEMOGRAFICO | ||
| 773 | |g número 171; páginas 34-42 | ||
| 999 | |c 39220 |d 39220 | ||
